00272nam a22001217a 4500020001900000040000900019082001800028100001600046245000900062260004300071300000900114650002700123 a 9789693527728 cNUST a891.4391bBEL aAbdaal Bela aArzi aLAHOREbSang E Meel Publicationsc2014 b238P 2Urdu Literature-Poetry